[Event "HUN-ch U8-U18 2019"]
[Site "Balatonlelle"]
[Date "2019.06.28"]
[Round "9.4"]
[White "Persanyi, Barnabas"]
[Black "Papp, Bence"]
[Result "1-0"]
[WhiteElo "2404"]
[BlackElo "2094"]
[Annotator "NA"]
[PlyCount "87"]
[EventDate "2019.06.21"]
[EventType "swiss"]
[EventCountry "HUN"]
[SourceTitle "playchess.com"]
[Source "ChessBase"]
[SourceQuality "1"]

1. Nf3 f5 2. g3 Nf6 3. Bg2 g6 4. O-O Bg7 5. d4 O-O 6. b3 d6 7. Bb2 c6 8. Nbd2 Na6 9. c4 Ne4 10. Ne1 Nxd2 11. Qxd2 e5 12. Rd1 e4 13. d5 c5 14. Bxg7 Kxg7 15. f3 exf3 16. exf3 Qf6 17. Nd3 Bd7 18. Nf4 Rfe8 19. Rfe1 Nc7 20. h4 a5 21. Rxe8 Nxe8 22. h5 Nc7 23. Re1 b6 24. h6+ Kg8 25. Ne6 Bxe6 26. dxe6 f4 27. Qxd6 fxg3 28. f4 Ne8 29. Qe5 Qxe5 30. fxe5 Ra7 31. Bd5 Re7 32. Rf1 Nc7 33. a4 Na6 34. Rf7 Rxf7 35. exf7+ Kf8 36. e6 Nc7 37. Kg2 Ke7 38. Kxg3 Kf8 39. Kf4 Ke7 40. Ke5 Na6 41. f8=Q+ Kxf8 42. Kf6 Nb8 43. e7+ Ke8 44. Bf7+ 1-0

[Event "HUN-ch U8-U18 2019"]
[Site "Balatonlelle"]
[Date "2019.06.28"]
[Round "9.5"]
[White "Fodor, Kornel"]
[Black "Karacsonyi, Gellert"]
[Result "0-1"]
[WhiteElo "1926"]
[BlackElo "2304"]
[Annotator "NA"]
[PlyCount "70"]
[EventDate "2019.06.21"]
[EventType "swiss"]
[EventCountry "HUN"]
[SourceTitle "playchess.com"]
[Source "ChessBase"]
[SourceQuality "1"]

1. e4 e6 2. d4 d5 3. e5 c5 4. dxc5 Nc6 5. Nf3 Bxc5 6. a3 Qc7 7. b4 Nxe5 8. Bb2 Bd6 9. Nd4 a6 10. Nd2 Nf6 11. Be2 O-O 12. O-O Ng6 13. g3 e5 14. N4b3 e4 15. Kg2 Qd7 16. f4 exf3+ 17. Rxf3 Qh3+ 18. Kg1 Nh4 19. Bf1 Nxf3+ 20. Qxf3 Qf5 21. Qxf5 Bxf5 22. Bxf6 gxf6 23. Bg2 Be5 24. Rf1 Bxc2 25. Bxd5 Rfd8 26. Bxb7 Ra7 27. Be4 Rc7 28. Bxc2 Rxc2 29. Ne4 Rd3 30. Nbc5 Rxa3 31. Nxf6+ Bxf6 32. Rxf6 Ra1+ 33. Rf1 Rxf1+ 34. Kxf1 a5 35. Nd3 a4 0-1

[Event "HUN-ch U8-U18 2019"]
[Site "Balatonlelle"]
[Date "2019.06.28"]
[Round "9.5"]
[White "Toth, Lili"]
[Black "Molnar, Dalma Reka"]
[Result "1-0"]
[WhiteElo "1523"]
[BlackElo "1139"]
[Annotator "NA"]
[PlyCount "111"]
[EventDate "2019.06.21"]
[EventType "swiss"]
[EventCountry "HUN"]
[SourceTitle "playchess.com"]
[Source "ChessBase"]
[SourceQuality "1"]

1. d4 d5 2. c4 e6 3. Nc3 Nf6 4. Nf3 Nbd7 5. Bf4 Be7 6. Nb5 O-O 7. Bxc7 Qe8 8. Nd6 Bxd6 9. Bxd6 b6 10. Bxf8 Qxf8 11. cxd5 exd5 12. e3 Ne4 13. Qb3 Ndf6 14. Bd3 Bf5 15. Bxe4 Bxe4 16. Ke2 Rc8 17. Rac1 h6 18. h3 Qd8 19. Rc3 Rxc3 20. Qxc3 Qd7 21. Rc1 Qb5+ 22. Kd2 Bf5 23. Qa3 Ne4+ 24. Ke1 a5 25. Qb3 Qxb3 26. axb3 Bd7 27. Ne5 Bb5 28. Rc8+ Kh7 29. Rb8 a4 30. Rxb6 Bd3 31. Nxd3 axb3 32. Rxb3 Nd6 33. Rb8 Nc4 34. b4 f6 35. b5 Na5 36. b6 Kg6 37. b7 h5 38. Nc5 Nc6 39. Rh8 f5 40. b8=Q Nxb8 41. Rxb8 Kg5 42. g3 h4 43. f4+ Kg6 44. gxh4 Kh5 45. Rh8+ Kg6 46. h5+ Kf7 47. h6 gxh6 48. Rxh6 Kg7 49. Rd6 Kh7 50. Rxd5 Kg6 51. h4 Kh5 52. Rxf5+ Kxh4 53. Rg5 Kh3 54. Kf2 Kh4 55. Kf3 Kh3 56. Rh5# 1-0

[Event "HUN-ch U8-U18 2019"]
[Site "Balatonlelle"]
[Date "2019.06.28"]
[Round "9.6"]
[White "Ongut, Tamas Gunes"]
[Black "Geher, Koppany"]
[Result "0-1"]
[WhiteElo "2120"]
[BlackElo "2089"]
[Annotator "NA"]
[PlyCount "154"]
[EventDate "2019.06.21"]
[EventType "swiss"]
[EventCountry "HUN"]
[SourceTitle "playchess.com"]
[Source "ChessBase"]
[SourceQuality "1"]

1. d4 f5 2. Bg5 g6 3. Nc3 Bg7 4. h4 d6 5. e4 Nc6 6. d5 Ne5 7. Qd2 Nf6 8. exf5 Bxf5 9. f3 c6 10. O-O-O Qa5 11. g4 Bd7 12. dxc6 bxc6 13. h5 gxh5 14. gxh5 h6 15. Bxf6 Bxf6 16. Ne4 Qxa2 17. Nxf6+ exf6 18. Qc3 Qa1+ 19. Kd2 Qa4 20. b4 a5 21. f4 Ng4 22. Re1+ Kd8 23. Rh4 Qxb4 24. Qxb4 axb4 25. Nf3 f5 26. Nd4 c5 27. Bg2 Rc8 28. Ne6+ Bxe6 29. Rxe6 Kd7 30. Bd5 Rce8 31. Rg6 Re7 32. Rhxg4 fxg4 33. f5 Rf8 34. Be6+ Rxe6 35. fxe6+ Ke7 36. Rxh6 g3 37. Rg6 Rh8 38. Rxg3 Rxh5 39. Kd3 Kxe6 40. Kc4 Rh2 41. Rg6+ Kd7 42. Kb3 Rh3+ 43. Kb2 Kc6 44. Rf6 Kd5 45. Rf8 Kc4 46. Rf4+ Kb5 47. Rf5 Rh1 48. Rg5 Rd1 49. Rg8 d5 50. Kb3 Rb1+ 51. Ka2 Rh1 52. Kb2 Kc4 53. Rg4+ d4 54. Rg3 Re1 55. Rh3 Re3 56. Rh4 b3 57. cxb3+ Rxb3+ 58. Kc2 Rc3+ 59. Kb2 Rg3 60. Rh2 Kd3 61. Rh1 Rg2+ 62. Kb3 c4+ 63. Ka3 Kc3 64. Rc1+ Rc2 65. Rb1 d3 66. Rh1 d2 67. Rh3+ Kd4 68. Rh4+ Ke3 69. Rh3+ Kf2 70. Rh1 Rc1 71. Rh2+ Ke3 72. Rh3+ Kf4 73. Rh4+ Kg5 74. Rh8 d1=Q 75. Rg8+ Kh6 76. Rh8+ Kg7 77. Rh3 Qd6+ 0-1

[Event "HUN-ch U8-U18 2019"]
[Site "Balatonlelle"]
[Date "2019.06.28"]
[Round "9.6"]
[White "Eros, Vivien"]
[Black "Szarvas, Nora"]
[Result "0-1"]
[WhiteElo "1317"]
[BlackElo "1258"]
[Annotator "NA"]
[PlyCount "130"]
[EventDate "2019.06.21"]
[EventType "swiss"]
[EventCountry "HUN"]
[SourceTitle "playchess.com"]
[Source "ChessBase"]
[SourceQuality "1"]

1. d4 d5 2. c4 e6 3. Nc3 Nf6 4. Nf3 Be7 5. Bg5 O-O 6. e3 Nbd7 7. cxd5 exd5 8. Bd3 h6 9. Bh4 b6 10. O-O Bb7 11. Qc2 Re8 12. Rab1 Rc8 13. b4 Ne4 14. Bxe7 Qxe7 15. a4 a6 16. Qb3 Nxc3 17. Qxc3 Nf6 18. Rfc1 Ne4 19. Qc2 Ng5 20. Ne5 Ne4 21. b5 a5 22. Nc6 Bxc6 23. bxc6 Rcd8 24. Bb5 Rd6 25. Qb3 Nd2 26. Qc2 Nxb1 27. Rxb1 Qg5 28. Qe2 Ree6 29. Qf3 Rg6 30. Qh3 Qg4 31. Qxg4 Rxg4 32. Re1 Re4 33. Bd3 Re8 34. Bb5 Rde6 35. g3 f5 36. Kg2 g5 37. h3 f4 38. gxf4 gxf4 39. Kf3 fxe3 40. fxe3 Rf8+ 41. Ke2 Rg6 42. Kd3 Rg3 43. Kc3 Rxh3 44. Rg1+ Kf7 45. Re1 Ke8 46. Kd3 h5 47. Rg1 h4 48. Rg7 Rf7 49. Rg8+ Ke7 50. Rc8 Kf6 51. Rh8 Kg7 52. Rh5 Rff3 53. Re5 Kf7 54. Kd2 Rhg3 55. Be2 Rf2 56. Kd3 h3 57. Rxd5 h2 58. Rh5 Rg1 59. Rh7+ Ke6 60. Rxc7 h1=Q 61. Rc8 Qh7+ 62. Kd2 Rxe2+ 63. Kxe2 Qc2+ 64. Kf3 Qg2+ 65. Kf4 Rf1# 0-1

[Event "HUN-ch U8-U18 2019"]
[Site "Balatonlelle"]
[Date "2019.06.28"]
[Round "9.7"]
[White "Borhy, Marcell"]
[Black "Pervai, Laszlo"]
[Result "1-0"]
[WhiteElo "2374"]
[BlackElo "2033"]
[Annotator "NA"]
[PlyCount "57"]
[EventDate "2019.06.21"]
[EventType "swiss"]
[EventCountry "HUN"]
[SourceTitle "playchess.com"]
[Source "ChessBase"]
[SourceQuality "1"]

1. d4 d5 2. Nf3 Nf6 3. c4 e6 4. g3 c6 5. Bg2 Nbd7 6. Qc2 Be7 7. Nbd2 O-O 8. O-O b6 9. e4 Bb7 10. e5 Ne8 11. cxd5 exd5 12. Re1 Nc7 13. Nf1 Ne6 14. Ne3 Re8 15. b3 Rc8 16. Bb2 c5 17. Qd2 a5 18. a3 cxd4 19. Nxd4 Ndc5 20. Nef5 Nxd4 21. Nxd4 Ne4 22. Qe3 Bg5 23. f4 Be7 24. Nf5 Rc2 25. Bd4 Bc5 26. Bxc5 Rc3 27. Bxb6 Rxe3 28. Bxd8 Rxb3 29. Bxa5 1-0

[Event "HUN-ch U8-U18 2019"]
[Site "Balatonlelle"]
[Date "2019.06.28"]
[Round "9.7"]
[White "Tapodi, Norman Lajos"]
[Black "Szilagyi, Norbert"]
[Result "1/2-1/2"]
[WhiteElo "2043"]
[BlackElo "2093"]
[Annotator "NA"]
[PlyCount "126"]
[EventDate "2019.06.21"]
[EventType "swiss"]
[EventCountry "HUN"]
[SourceTitle "playchess.com"]
[Source "ChessBase"]
[SourceQuality "1"]

1. d4 Nf6 2. c4 e6 3. Nc3 Bb4 4. Qc2 b6 5. e4 Bb7 6. Bd3 d6 7. Nge2 Nbd7 8. O-O Bxc3 9. Nxc3 e5 10. d5 h6 11. f4 a6 12. Qe2 Qe7 13. g3 Bc8 14. Bc2 Bb7 15. Be3 O-O-O 16. f5 g6 17. b4 Rdg8 18. a4 gxf5 19. Rxf5 Ng4 20. Raf1 Rg7 21. Bd2 h5 22. h4 f6 23. R1f3 Nf8 24. Nd1 Kd8 25. Nf2 Bc8 26. Nxg4 Bxf5 27. Rxf5 Rxg4 28. Kh2 Rhg8 29. Be1 Qg7 30. Qf2 Ng6 31. Kh3 Nf4+ 32. Kh2 Ke7 33. c5 Rxh4+ 34. gxh4 Qg2+ 35. Qxg2 Rxg2+ 36. Kh1 Rxc2 37. cxd6+ cxd6 38. Bg3 Rc4 39. Bxf4 exf4 40. Rxh5 Kf7 41. Rh7+ Kg6 42. Rd7 Rxe4 43. Rxd6 Rxb4 44. a5 bxa5 45. Rxa6 Rb5 46. d6 Rd5 47. Kg2 Kf5 48. Kf3 Rd3+ 49. Ke2 Ke4 50. Rxa5 Rxd6 51. h5 f3+ 52. Ke1 f5 53. Rb5 Kf4 54. Rb7 Rh6 55. Kf2 Rxh5 56. Rb4+ Kg5 57. Kxf3 Rh3+ 58. Kg2 Ra3 59. Rc4 f4 60. Rc8 Rg3+ 61. Kf2 Kg4 62. Rg8+ Kh3 63. Rh8+ Kg4 1/2-1/2

[Event "HUN-ch U8-U18 2019"]
[Site "Balatonlelle"]
[Date "2019.06.28"]
[Round "9.8"]
[White "Leszko, Bence"]
[Black "Pribelszky, Bence"]
[Result "1/2-1/2"]
[WhiteElo "2135"]
[BlackElo "2244"]
[Annotator "NA"]
[PlyCount "67"]
[EventDate "2019.06.21"]
[EventType "swiss"]
[EventCountry "HUN"]
[SourceTitle "playchess.com"]
[Source "ChessBase"]
[SourceQuality "1"]

1. Nf3 f5 2. g3 b6 3. Bg2 Bb7 4. O-O Nf6 5. c4 e6 6. d4 Be7 7. Nc3 O-O 8. Qc2 Na6 9. a3 Ne4 10. Ne5 d6 11. Nd3 g5 12. f3 Nxc3 13. bxc3 c5 14. d5 e5 15. e4 fxe4 16. fxe4 Bc8 17. Rxf8+ Qxf8 18. Nf2 g4 19. Nd1 Nc7 20. Ne3 Qg7 21. Bd2 Bg5 22. a4 a6 23. Rb1 Rb8 24. a5 b5 25. cxb5 Rxb5 26. Bf1 Rxb1 27. Qxb1 Bxe3+ 28. Bxe3 Ne8 29. Qb8 Qb7 30. Qxb7 Bxb7 31. Bg5 Bc8 32. Be2 Kf7 33. Kf2 Nc7 34. c4 1/2-1/2

[Event "HUN-ch U8-U18 2019"]
[Site "Balatonlelle"]
[Date "2019.06.28"]
[Round "9.8"]
[White "Farkas, Otto Jr."]
[Black "Fule, Simon"]
[Result "1/2-1/2"]
[WhiteElo "1859"]
[BlackElo "2148"]
[Annotator "NA"]
[PlyCount "48"]
[EventDate "2019.06.21"]
[EventType "swiss"]
[EventCountry "HUN"]
[SourceTitle "playchess.com"]
[Source "ChessBase"]
[SourceQuality "1"]

1. e4 e5 2. Nf3 Nc6 3. Bb5 a6 4. Ba4 Nf6 5. d3 d6 6. c3 g6 7. O-O Bg7 8. Re1 O-O 9. h3 b5 10. Bb3 Na5 11. Bc2 c5 12. Nbd2 Nc6 13. a4 Bb7 14. Nf1 d5 15. Bg5 d4 16. cxd4 cxd4 17. Qd2 Qd6 18. N3h2 Nd7 19. Ng4 h5 20. Ngh2 Nc5 21. axb5 axb5 22. Bh6 b4 23. Bxg7 Kxg7 24. b3 f6 1/2-1/2

[Event "HUN-ch U8-U18 2019"]
[Site "Balatonlelle"]
[Date "2019.06.28"]
[Round "9.9"]
[White "Pasztor, Balazs"]
[Black "Pasti, Aron"]
[Result "0-1"]
[WhiteElo "2215"]
[BlackElo "2193"]
[Annotator "NA"]
[PlyCount "60"]
[EventDate "2019.06.21"]
[EventType "swiss"]
[EventCountry "HUN"]
[SourceTitle "playchess.com"]
[Source "ChessBase"]
[SourceQuality "1"]

1. e4 c5 2. Nf3 e6 3. d4 cxd4 4. Nxd4 Nc6 5. Nc3 Qc7 6. Be2 Nf6 7. O-O Be7 8. Nxc6 bxc6 9. f4 d5 10. e5 Nd7 11. Bf3 Bb7 12. Ne2 Qb6+ 13. Kh1 c5 14. c4 d4 15. Qd3 O-O 16. b3 f6 17. exf6 Nxf6 18. Ng3 Bd6 19. Bd2 Rae8 20. Rae1 Bc7 21. Bxb7 Qxb7 22. Ne4 Qc6 23. b4 Nxe4 24. Rxe4 e5 25. bxc5 exf4 26. Rxd4 Qxc5 27. Bxf4 Bxf4 28. Rdxf4 Rxf4 29. Rxf4 Qd6 30. Rf8+ Rxf8 0-1

[Event "HUN-ch U8-U18 2019"]
[Site "Balatonlelle"]
[Date "2019.06.28"]
[Round "9.9"]
[White "Dibusz, Domonkos"]
[Black "Virag, Balint"]
[Result "1/2-1/2"]
[WhiteElo "2067"]
[BlackElo "2173"]
[Annotator "NA"]
[PlyCount "100"]
[EventDate "2019.06.21"]
[EventType "swiss"]
[EventCountry "HUN"]
[SourceTitle "playchess.com"]
[Source "ChessBase"]
[SourceQuality "1"]

1. e4 e6 2. d4 d5 3. Nd2 c5 4. exd5 Qxd5 5. Ngf3 cxd4 6. Bc4 Qd7 7. O-O Nf6 8. Nb3 Nc6 9. Nbxd4 Nxd4 10. Nxd4 a6 11. Re1 b5 12. Be2 Bc5 13. c3 Bb7 14. Bf3 Bxd4 15. cxd4 Bxf3 16. Qxf3 Rc8 17. Bd2 Qxd4 18. Bc3 Qd5 19. Qg3 Nh5 20. Qh3 Nf4 21. Qg4 Ng6 22. Rad1 Qc6 23. Bxg7 Rg8 24. Bf6 h5 25. Qb4 a5 26. Qd2 Ne7 27. f3 Rg6 28. Rc1 Qb6+ 29. Bd4 Rd8 30. Red1 Qb7 31. Qxa5 Nc6 32. Qb6 Qxb6 33. Bxb6 Rxd1+ 34. Rxd1 Ne5 35. Kf2 Nc4 36. Bd4 e5 37. Re1 Re6 38. Bc3 f6 39. f4 b4 40. b3 bxc3 41. bxc4 e4 42. Rc1 Ra6 43. Rxc3 Rxa2+ 44. Kg3 Kd7 45. f5 Re2 46. h3 Kd6 47. c5+ Kc6 48. h4 Rd2 49. Re3 Rd4 50. Kf4 Kxc5 1/2-1/2

[Event "HUN-ch U8-U18 2019"]
[Site "Balatonlelle"]
[Date "2019.06.28"]
[Round "9.10"]
[White "Kratzmajer, Akos Gyorgy"]
[Black "Kovacsy, Barnabas"]
[Result "1/2-1/2"]
[WhiteElo "2048"]
[BlackElo "2136"]
[Annotator "NA"]
[PlyCount "35"]
[EventDate "2019.06.21"]
[EventType "swiss"]
[EventCountry "HUN"]
[SourceTitle "playchess.com"]
[Source "ChessBase"]
[SourceQuality "1"]

1. e4 c5 2. Nf3 e6 3. c4 Nc6 4. Nc3 Nf6 5. Be2 Qb6 6. O-O Be7 7. d3 d6 8. Rb1 O-O 9. h3 Bd7 10. Be3 a5 11. d4 cxd4 12. Nxd4 Nxd4 13. Bxd4 Qc6 14. c5 e5 15. cxd6 Bxd6 16. Be3 Be6 17. Rc1 Qd7 18. f3 1/2-1/2

[Event "HUN-ch U8-U18 2019"]
[Site "Balatonlelle"]
[Date "2019.06.28"]
[Round "9.10"]
[White "Barsi, Botond"]
[Black "Gyenes, Mate"]
[Result "1-0"]
[WhiteElo "1850"]
[BlackElo "1823"]
[Annotator "NA"]
[PlyCount "87"]
[EventDate "2019.06.21"]
[EventType "swiss"]
[EventCountry "HUN"]
[SourceTitle "playchess.com"]
[Source "ChessBase"]
[SourceQuality "1"]

1. d4 Nf6 2. Nf3 g6 3. Bf4 Bg7 4. e3 d6 5. Be2 O-O 6. O-O Nbd7 7. h3 b6 8. c4 Bb7 9. Nc3 c5 10. d5 a6 11. Qb3 Qc7 12. Rfd1 Rfe8 13. Rac1 Ne5 14. Bh2 Nfd7 15. e4 h6 16. Nxe5 dxe5 17. Bg4 Nf6 18. Na4 Nxe4 19. Qxb6 Qxb6 20. Nxb6 Rad8 21. Re1 f5 22. Bf3 Nd2 23. Bxe5 Nxf3+ 24. gxf3 Bxe5 25. Rxe5 Kf7 26. Rce1 Rb8 27. Re6 Rbd8 28. Na4 Rc8 29. Rb6 Rc7 30. Ree6 Rg8 31. b3 h5 32. Nb2 g5 33. Nd3 Bc8 34. Rec6 Rxc6 35. dxc6 f4 36. c7 g4 37. Ne5+ Kf8 38. fxg4 hxg4 39. hxg4 a5 40. Rb8 Kg7 41. Nc6 Kf6 42. Na7 Rxg4+ 43. Kf1 f3 44. Rb7 1-0

[Event "HUN-ch U8-U18 2019"]
[Site "Balatonlelle"]
[Date "2019.06.28"]
[Round "9.11"]
[White "Bakos, Balazs"]
[Black "Magold, Victor"]
[Result "0-1"]
[WhiteElo "2408"]
[BlackElo "1968"]
[Annotator "NA"]
[PlyCount "102"]
[EventDate "2019.06.21"]
[EventType "swiss"]
[EventCountry "HUN"]
[SourceTitle "playchess.com"]
[Source "ChessBase"]
[SourceQuality "1"]

1. e4 c5 2. Nf3 e6 3. d4 cxd4 4. Nxd4 a6 5. Nc3 Qc7 6. Be2 Nf6 7. O-O d6 8. Be3 Be7 9. f4 O-O 10. Qe1 Nc6 11. Qg3 Rd8 12. Bd3 d5 13. exd5 Nxd4 14. Bxd4 Bc5 15. Bxc5 Qxc5+ 16. Kh1 exd5 17. f5 Bd7 18. Ne2 Bb5 19. a4 Bxd3 20. Qxd3 Re8 21. Nd4 Re4 22. Nb3 Qd6 23. Qg3 Qc6 24. Qf2 Rxa4 25. Rxa4 Qxa4 26. Qb6 Qc6 27. Qxc6 bxc6 28. Nc5 Rb8 29. b3 a5 30. h3 Rb5 31. Nd3 Ne4 32. Ra1 Ng3+ 33. Kh2 Nxf5 34. b4 a4 35. Rxa4 f6 36. Ra7 Kf8 37. c3 Rb8 38. Nc5 Re8 39. Nd7+ Kg8 40. Rc7 Re7 41. Rc8+ Kf7 42. Nb8 Re2 43. Rxc6 Ne3 44. b5 Rxg2+ 45. Kh1 Rb2 46. Rc5 Ke6 47. Na6 Ke5 48. Nb4 Ke4 49. Nxd5 Nxd5 50. c4 Ne3 51. b6 Rxb6 0-1

[Event "HUN-ch U8-U18 2019"]
[Site "Balatonlelle"]
[Date "2019.06.28"]
[Round "9.11"]
[White "Juhasz, Agoston"]
[Black "Pater, Peter"]
[Result "1-0"]
[WhiteElo "2161"]
[BlackElo "1901"]
[Annotator "NA"]
[PlyCount "85"]
[EventDate "2019.06.21"]
[EventType "swiss"]
[EventCountry "HUN"]
[SourceTitle "playchess.com"]
[Source "ChessBase"]
[SourceQuality "1"]

1. e4 g6 2. d4 Bg7 3. Nf3 c6 4. Nc3 d5 5. h3 Nf6 6. e5 Ne4 7. Nxe4 dxe4 8. Ng5 c5 9. Bb5+ Bd7 10. Bxd7+ Qxd7 11. e6 fxe6 12. dxc5 Nc6 13. Qxd7+ Kxd7 14. c3 h6 15. Nxe4 Rad8 16. Be3 Kc8 17. Ke2 Rd5 18. Rad1 Rhd8 19. f3 Nb8 20. b3 Nd7 21. c4 Rxd1 22. Rxd1 Kc7 23. Bd4 Bxd4 24. Rxd4 Rf8 25. Ke3 a5 26. a3 Rf5 27. b4 g5 28. Nf2 h5 29. h4 e5 30. Rd1 gxh4 31. Nd3 Rg5 32. Kf2 Nf6 33. Rh1 e4 34. Nf4 Kd7 35. Rxh4 exf3 36. gxf3 Rf5 37. Nd3 Ng4+ 38. Ke2 Ne5 39. Rd4+ Ke6 40. Re4 Kf6 41. Rxe5 Rxe5+ 42. Nxe5 Kxe5 43. b5 1-0

[Event "HUN-ch U8-U18 2019"]
[Site "Balatonlelle"]
[Date "2019.06.28"]
[Round "9.12"]
[White "Bilku, Andras"]
[Black "Szalay-Ocsak, Bank"]
[Result "0-1"]
[WhiteElo "1907"]
[BlackElo "1826"]
[Annotator "NA"]
[PlyCount "86"]
[EventDate "2019.06.21"]
[EventType "swiss"]
[EventCountry "HUN"]
[SourceTitle "playchess.com"]
[Source "ChessBase"]
[SourceQuality "1"]

1. d4 Nf6 2. c4 b6 3. Nc3 Bb7 4. Nf3 e6 5. Bg5 Bb4 6. e3 h6 7. Bh4 g5 8. Bg3 Ne4 9. Rc1 h5 10. d5 Nxc3 11. bxc3 Ba3 12. Rb1 h4 13. Be5 f6 14. Bd4 e5 15. Nxe5 fxe5 16. Bxe5 Rh6 17. Bg7 Rh7 18. Qd4 Qe7 19. Bf6 Bc5 20. Qd3 Qf7 21. Bxg5 Be7 22. Qe4 Na6 23. Bd3 Rg7 24. Bxe7 Qxe7 25. Qxe7+ Kxe7 26. Be4 Nc5 27. Bf3 Kd6 28. Kd2 a5 29. Rhe1 Ba6 30. e4 Re8 31. Ke3 Bxc4 32. Kd4 Bxa2 33. Rb2 Bb3 34. e5+ Ke7 35. g3 Rf8 36. Re3 Rgf7 37. d6+ cxd6 38. exd6+ Kxd6 39. Be4 Rxf2 40. Rxf2 Rxf2 41. g4 Rd2+ 42. Bd3 Rxd3+ 43. Rxd3 Nxd3 0-1

[Event "HUN-ch U8-U18 2019"]
[Site "Balatonlelle"]
[Date "2019.06.28"]
[Round "9.12"]
[White "Varga, Boldizsar"]
[Black "Demjen, Mark"]
[Result "0-1"]
[WhiteElo "1804"]
[BlackElo "1944"]
[Annotator "NA"]
[PlyCount "138"]
[EventDate "2019.06.21"]
[EventType "swiss"]
[EventCountry "HUN"]
[SourceTitle "playchess.com"]
[Source "ChessBase"]
[SourceQuality "1"]

1. d4 Nf6 2. c4 e6 3. Nc3 Bb4 4. e3 Nc6 5. Nge2 d5 6. a3 Be7 7. cxd5 exd5 8. Nf4 O-O 9. Be2 Bf5 10. O-O g5 11. Nd3 Ne4 12. Bd2 Re8 13. Rc1 Qd6 14. b4 Qh6 15. Nxd5 Bd6 16. f4 Qe6 17. b5 Nxd2 18. Qxd2 Nxd4 19. Nxc7 Bxc7 20. exd4 Qxe2 21. Qxe2 Rxe2 22. Rxc7 Bxd3 23. fxg5 Rc2 24. Rfxf7 Rxc7 25. Rxc7 Bxb5 26. Rxb7 a6 27. Rb6 Rd8 28. a4 Bc4 29. Rb4 Rxd4 30. g3 Rd1+ 31. Kg2 Bd5+ 32. Kh3 Kg7 33. Rb6 Bc4 34. Kh4 Rd4+ 35. g4 Be2 36. Rb7+ Kf8 37. Rxh7 Rxg4+ 38. Kh3 Rxg5 39. Rc7 Ra5 40. Kg3 Rxa4 41. Kf2 Bh5 42. Ke3 Ra2 43. Ra7 a5 44. Kd3 a4 45. Kc3 Be8 46. h4 Rh2 47. h5 Rxh5 48. Kb2 Rd5 49. Kc3 Bd7 50. Kb2 Ke7 51. Ra6 Rc5 52. Ka3 Bc6 53. Ra7+ Kd6 54. Rh7 Rc3+ 55. Kb2 Rb3+ 56. Ka2 Bd5 57. Rh6+ Kc5 58. Ka1 Kb4 59. Rh4+ Ka3 60. Rd4 Rc3 61. Rd1 Bb3 62. Rb1 Rd3 63. Rb2 Kb4 64. Rb1 a3 65. Rh1 Rd2 66. Rg1 Bc2 67. Re1 Kb3 68. Rc1 Re2 69. Rg1 Bd3 0-1

[Event "HUN-ch U8-U18 2019"]
[Site "Balatonlelle"]
[Date "2019.06.28"]
[Round "9.13"]
[White "Kozsik, Bende Barnabas"]
[Black "Kresz, Tamas"]
[Result "1-0"]
[WhiteElo "2089"]
[BlackElo "1766"]
[Annotator "NA"]
[PlyCount "95"]
[EventDate "2019.06.21"]
[EventType "swiss"]
[EventCountry "HUN"]
[SourceTitle "playchess.com"]
[Source "ChessBase"]
[SourceQuality "1"]

1. b3 d5 2. Bb2 Bf5 3. e3 Nf6 4. f4 Nbd7 5. Nf3 e6 6. Be2 h6 7. O-O Bc5 8. c4 dxc4 9. bxc4 a6 10. Qb3 Rb8 11. Nc3 O-O 12. Rad1 Ba7 13. d4 c5 14. d5 b5 15. dxe6 Bxe6 16. Ne5 Qc7 17. Nxd7 Bxd7 18. Nd5 Nxd5 19. cxd5 Bf5 20. Be5 Qe7 21. Bxb8 Rxb8 22. d6 Qd7 23. Bf3 Re8 24. Rfe1 Re6 25. Qd5 Re8 26. e4 Bg4 27. e5 c4+ 28. Kh1 Be6 29. Qd2 Qd8 30. Be4 Bg4 31. Rb1 g6 32. a4 Qb6 33. axb5 axb5 34. Qd5 Rb8 35. Bxg6 Be6 36. Bxf7+ Kxf7 37. Qe4 Qf2 38. Qh7+ Kf8 39. Qxh6+ Kg8 40. Qxe6+ Kh7 41. d7 c3 42. Qh3+ Kg7 43. Qxc3 Rh8 44. e6+ Bd4 45. Qf3 Rxh2+ 46. Kxh2 Qh4+ 47. Qh3 Qxf4+ 48. Qg3+ 1-0

[Event "HUN-ch U8-U18 2019"]
[Site "Balatonlelle"]
[Date "2019.06.28"]
[Round "9.13"]
[White "Kovacs, Gabor Etele"]
[Black "Kokeny, Norbert Adrian"]
[Result "1/2-1/2"]
[WhiteElo "2062"]
[BlackElo "2268"]
[Annotator "NA"]
[PlyCount "117"]
[EventDate "2019.06.21"]
[EventType "swiss"]
[EventCountry "HUN"]
[SourceTitle "playchess.com"]
[Source "ChessBase"]
[SourceQuality "1"]

1. e4 c5 2. Nf3 e6 3. d4 cxd4 4. Nxd4 Bc5 5. Nc3 Qb6 6. Na4 Qa5+ 7. Nc3 Qc7 8. Be2 a6 9. Be3 Nf6 10. O-O O-O 11. f4 d6 12. Kh1 Nc6 13. Qd3 b5 14. Nxc6 Qxc6 15. Bf3 e5 16. Rad1 Bxe3 17. Qxe3 Be6 18. Rd2 Rad8 19. Rfd1 Qc7 20. a3 Rfe8 21. f5 Bc8 22. g4 Kf8 23. g5 Ng8 24. Rd3 Bb7 25. Qd2 Ke7 26. Nd5+ Bxd5 27. Rxd5 Rd7 28. Qb4 f6 29. h4 Red8 30. R1d2 Qb6 31. R5d3 Kf8 32. c4 Ne7 33. gxf6 gxf6 34. cxb5 Qxb5 35. Qxb5 axb5 36. Rb3 Nc6 37. Be2 Nd4 38. Rb4 Rg7 39. Bxb5 Rc8 40. Bc4 d5 41. exd5 Nxf5 42. Rf2 Ng3+ 43. Kh2 f5 44. d6 f4 45. Be6 Rd8 46. d7 Ke7 47. Bh3 Rf7 48. Rb6 e4 49. Re6+ Kf8 50. Re5 e3 51. Rxf4 Rxf4 52. Kxg3 Rf2 53. Rf5+ Ke7 54. Rxf2 exf2 55. Kxf2 Rb8 56. Kg3 Rxb2 57. Kf4 Rb3 58. Bf5 Rxa3 59. Bxh7 1/2-1/2

[Event "HUN-ch U8-U18 2019"]
[Site "Balatonlelle"]
[Date "2019.06.28"]
[Round "9.14"]
[White "Vanczak, Tamas"]
[Black "Acs, Marton"]
[Result "1-0"]
[WhiteElo "2311"]
[BlackElo "2138"]
[Annotator "NA"]
[PlyCount "67"]
[EventDate "2019.06.21"]
[EventType "swiss"]
[EventCountry "HUN"]
[SourceTitle "playchess.com"]
[Source "ChessBase"]
[SourceQuality "1"]

1. d4 Nf6 2. Bf4 b6 3. Nf3 Bb7 4. e3 g6 5. h3 Bg7 6. Be2 O-O 7. O-O c5 8. c3 d6 9. Nbd2 Nbd7 10. a4 cxd4 11. exd4 Re8 12. Bc4 e5 13. dxe5 dxe5 14. Be3 Nd5 15. Qb3 N7f6 16. Bg5 Qc7 17. Rfe1 h6 18. Bxf6 Nxf6 19. a5 bxa5 20. Nxe5 Rxe5 21. Rxe5 Qxe5 22. Bxf7+ Kh7 23. Qxb7 Rb8 24. Qxa7 Rd8 25. Nf3 Qe2 26. Qxa5 Qxb2 27. Qxd8 Qxa1+ 28. Kh2 Qxc3 29. Nh4 Qe5+ 30. g3 h5 31. Bxg6+ Kh6 32. Qd2+ Qg5 33. f4 Qd5 34. Nf5+ 1-0

[Event "HUN-ch U8-U18 2019"]
[Site "Balatonlelle"]
[Date "2019.06.28"]
[Round "9.14"]
[White "Kovacs, Patrik Zsolt"]
[Black "Daroczi, Donat"]
[Result "0-1"]
[WhiteElo "1903"]
[BlackElo "2050"]
[Annotator "NA"]
[PlyCount "94"]
[EventDate "2019.06.21"]
[EventType "swiss"]
[EventCountry "HUN"]
[SourceTitle "playchess.com"]
[Source "ChessBase"]
[SourceQuality "1"]

1. d4 e6 2. c4 Bb4+ 3. Bd2 a5 4. e3 Nf6 5. Bd3 d6 6. Nf3 Qe7 7. a3 Bxd2+ 8. Nbxd2 e5 9. Qc2 O-O 10. O-O Re8 11. Ng5 h6 12. Nge4 Nxe4 13. Bxe4 g6 14. f3 f5 15. Bd3 exd4 16. e4 f4 17. Kh1 Qf6 18. Rg1 Nc6 19. g3 Ne5 20. Be2 c5 21. Rad1 a4 22. Rde1 Bd7 23. Rc1 Kh7 24. Rce1 Rab8 25. Rb1 Rf8 26. Rg2 Qf7 27. g4 g5 28. h3 Qf6 29. Rf2 Rh8 30. Kg2 Kg7 31. Rff1 h5 32. Rh1 Ra8 33. Kf2 Qf7 34. Rbg1 hxg4 35. hxg4 Rxh1 36. Rxh1 b5 37. cxb5 c4 38. Nxc4 Rc8 39. Nxe5 Rxc2 40. Nxf7 d3 41. Nxg5 Rxe2+ 42. Kf1 Bxb5 43. Ne6+ Kf7 44. Ng5+ Kg6 45. Nh3 d2 46. Nxf4+ Kg7 47. Ne6+ Kg8 0-1